| 000 | 00567nam a2200241Ia 4500 | ||
|---|---|---|---|
| 005 | 20250425160714.0 | ||
| 008 | 250425s9999 xx 000 0 und d | ||
| 020 | _a0890115532 | ||
| 041 | _aeng | ||
| 082 | _a303.38 | ||
| 100 | _aLABAW, PATRICIA | ||
| 245 | 0 | _aADVANCED QUESTIONNAIRE DESIGN | |
| 250 | _aS.E. | ||
| 260 |
_aEstados Unidos _bABT BOOKS _c1980 |
||
| 260 | _aS.L. | ||
| 300 | _a183 | ||
| 500 | _aLibro en fotocopia | ||
| 650 | _aINVESTIGACION SOCIAL | ||
| 650 | _aOPINION PUBLICA | ||
| 710 | _aABT BOOKS | ||
| 942 | _c01 | ||
| 010 | _a2995 | ||
| 999 |
_c194503 _d194503 |
||